000 01214cam a22002295a 4500
008 240305e20240301xxk fo 000 0 eng d
041 0 _aeng
110 2 _aRoyal Institution of Chartered Surveyors
245 0 0 _aWhole life carbon assessments:
_ba guide for clients
_h[electronic resource]
260 _aLondon,
_bRICS,
_cFebruary 2024
300 _a14p
490 0 _aRICS Client Guide
500 _aSupports Whole life carbon assessment for the built environment Professional Statement ISBN 9781783215034
520 _aA guide designed to facilitate understanding, endorsement, and adoption of the WLCA standard in markets across the world. The WLCA client guide will provide the details you need to procure and instruct providers to perform an assessment that helps reduce embodied and operational carbon emissions expected to be emitted over the entire life cycle of new builds and existing assets.
650 2 4 _aCARBON EMISSIONS
650 2 4 _aEN 15978
650 2 4 _aWHOLE LIFE APPRAISAL
651 4 _aInternational
690 _aQuantity surveying
_96263
856 4 1 _uhttps://www.rics.org/content/dam/ricsglobal/documents/standards/WLCA-client-guide.pdf
_zAvailable on RICS.org
942 _n0
999 _c121818
_d121818